При лекаря (Запис номер 475212)
[ съкратено ]
| 000 -Лидер | |
|---|---|
| Лидер | 01935nam a2200397 a 4500 |
| 003 - Код на организацията, давaща контролен номер | |
| Код на организацията, даваща контролен номер | BLK |
| 005 - Дата и час на последна редакция | |
| Дата и час на последна редакция | 20250726114955.0 |
| 008 - Елементи от данни с фиксирана дължина | |
| Елементи с фиксирана дължина | 180411b bul|||||r ||||||| ||bul|| |
| 020 ## - Международен стандартен номер на книга ISBN | |
| ISBN | 9786192404864 |
| 040 ## - Източник на каталожния запис | |
| Код на библиотеката | BLK |
| 041 ## - Код за език | |
| Език | Български |
| Език за КДБФ | Български |
| 080 ## - УДК | |
| УДК текст | Здравеопазване. Обществена (социална) хигиена. Защита от нещастни случаи - Организация на здравеопазването. Санитарно дело |
| УДК код | 614 |
| УДК – код + определител | 614 |
| 100 1# - Редна дума - Автор | |
| Автор | Гримо, Елен |
| R(LIN) | 56392 |
| 245 10 - Сведения за заглавието | |
| Заглавие | При лекаря |
| Подзаглавни данни | Енциклопедия |
| Авторска отговорност | Елен Гримо, Емили Бомон, Мелани Месаел; ил. Корали Валажа; прев. Борис Христов. |
| 260 ## - Област на издателските данни | |
| Място на издаване | София |
| Име на издателя | ПАН |
| Година на издаване | 2021 |
| Печатница | [София] : [Циан] |
| 300 ## - Физическа характеристика | |
| Брой страници | 20 с. |
| Илюстрации | с цв. ил. |
| Размер | 23 см |
| 380 ## - Жанр | |
| Жанр | Детска отраслова лит. |
| 490 ## - СЕРИИ (Колекции) | |
| 9 (RLIN) | 205918 |
| Серия | Енциклопедия за най-малките |
| ISSN на серия | C635-002X |
| 500 ## - Общи забележки | |
| Обща забележка | В карето ил. Корали Валажа. - Ориг. загл.: L'Hôpital. - Емили Бомон - псевд. на авт. Janine Boudineau |
| 650 #0 - Допълнително описание по предмет – тема | |
| 9 (RLIN) | 483908 |
| Предметна рубрика | Здравеопазване - популярна литература |
| 653 #7 - Ключова дума – ненормативна | |
| 9 (RLIN) | 190721 |
| Ключови думи | медицина |
| 653 #7 - Ключова дума – ненормативна | |
| 9 (RLIN) | 186899 |
| Ключови думи | здраве |
| 653 #7 - Ключова дума – ненормативна | |
| 9 (RLIN) | 184418 |
| Ключови думи | грижи за болните |
| 653 #7 - Ключова дума – ненормативна | |
| 9 (RLIN) | 189774 |
| Ключови думи | лекари |
| 653 #0 - Ключова дума – ненормативна | |
| 9 (RLIN) | 471119 |
| Ключови думи | детски книги |
| 700 ## - Други автори (авторска отговорност) | |
| Друг автор | Бомон, Емили |
| Авт. отговорност на др. автор | съавт. |
| 9 (RLIN) | 1445 |
| 700 ## - Други автори (авторска отговорност) | |
| Друг автор | Месаел, Мелани |
| Авт. отговорност на др. автор | съавт. |
| 9 (RLIN) | 481509 |
| 700 ## - Други автори (авторска отговорност) | |
| Друг автор | Валажеа, Корали |
| Авт. отговорност на др. автор | ил. |
| 9 (RLIN) | 481500 |
| 700 ## - Други автори (авторска отговорност) | |
| Друг автор | Христов, Борис |
| Авт. отговорност на др. автор | прев. |
| 9 (RLIN) | 266250 |
| 852 ## - Местоположение | |
| Отдел | Детски отдел |
| Систематично-азбучна сигнатура | 61/Г 83 Е |
| 852 ## - Местоположение | |
| Сигнатура (форматна) | Цб 318587 |
| Отдел | Хранилище |
| 942 ## - АРТИКУЛИ | |
| Вид на библиотечния документ | Книги |
| Скрит в OPAC | Не |
| Периодичен библиозапис | Да |
| Koha issues (borrowed), all copies | 48 |
| 944 ## - СЪЗДАВАНЕ И РЕДАКЦИЯ на ЗАПИСА | |
| Създаване/Редакция | Създаване |
| Дата на регистрацията/редакция | 2022-10-06 |
| Служител, извършил регистрацията/редакцията | 30544 |
| Номер на служител | Цветелина Желева |
| 944 ## - СЪЗДАВАНЕ И РЕДАКЦИЯ на ЗАПИСА | |
| Създаване/Редакция | Редакция |
| 999 ## - СИСТЕМНИ КОНТРОЛНИ НОМЕРА | |
| Koha biblionumber | 475212 |
| Koha biblioitemnumber | 475212 |
| Код за отписване | Код за изгубен артикул | Източник на класификационната схема | Код за повреда | Коз за рестрикции | Код за отдаване | Артикулен № | Име на библиотеката - собственик | Име на библиотеката, в която се намира в момента | Статус (Текущо местоположение) | Дата на вписване в системата | Местоположение - отдел | Цена в лева | Систематично азбучна сигнатура | Баркод | Цена в евро | Служебен тип на артикула | Инвентарен номер |
|---|---|---|---|---|---|---|---|---|---|---|---|---|---|---|---|---|---|
| Не е изгубен | Universal Decimal Classification | Не е повреден | без рестрикции | заемане за дома | 906969 | Регионална библиотека "Любен Каравелов" Русе | Регионална библиотека "Любен Каравелов" Русе | Детски отдел | 2022-10-07 | Детски отдел | 4.13 | 61/Г 83 Е | 120000878170 | 2.11 | Книги | ||
| Не е изгубен | Universal Decimal Classification | Не е повреден | без рестрикции | заемане за дома | 906970 | Регионална библиотека "Любен Каравелов" Русе | Регионална библиотека "Любен Каравелов" Русе | Детски отдел | 2022-10-07 | Детски отдел | 4.13 | 61/Г 83 Е | 120000878168 | 2.11 | Книги | ||
| Не е изгубен | Universal Decimal Classification | Не е повреден | без рестрикции | заемане за дома | 906971 | Регионална библиотека "Любен Каравелов" Русе | Регионална библиотека "Любен Каравелов" Русе | Детски отдел | 2022-10-07 | Детски отдел | 4.13 | 61/Г 83 Е | 120000878169 | 2.11 | Книги | ||
| Не е изгубен | Universal Decimal Classification | Не е повреден | само за читалня | ползва се в читалня | 930161 | Регионална библиотека "Любен Каравелов" Русе | Регионална библиотека "Любен Каравелов" Русе | Хранилище | 2023-07-14 | Хранилище | 5.50 | Цб 318587 | 120000889541 | 2.81 | Книги | 120000889541 |